00721nam a2200217 a 450000100060000000300080000600500170001400800410003103500190007203500140009104000270010504100080013208200180014010000450015824501180020326000360032130000400035750400400039765000150043770000510045233271BD-RjUL20211209051957.0140507s1949 nyua b 001 0 eng d a(BD-RjUL)33362 a(BD-RjUL) aANLbengcANLdBD-RjUL aeng04a301bBES 19491 aBennett, John W.q(John William),d1915-10aSocial life, structure and function :ban introductory general sociology /c John W. Bennett and Melvin M. Tumin. aNew York :bA. A. Knopf,c1949. axxii, 725, xvi p. :bill. ;c25 cm. aBibliography: p. 681-725. and Index 0aSociology.1 aTumin, Melvin M.q(Melvin Marvin),d1919-1994.